000 00429nam a2200157 i 4500
001 41232
003 ES-MaACL
005 20230906160410.0
007 t|
008 030310s1973 sp ||||1| spa d
100 1 _aCarandell, José María.
_934957
245 1 0 _aHistorias informales /
_cJosé María Carandell.
260 _a[Barcelona] :
_bLumen,
_c[1973]
300 _a75 p. ;
_c19 cm.
852 _aES-MaACL
_jC-52887
_bR.85998
999 _c41232
_d41232